[Event "Getxo Semana Santa U2200 op 1st"]
[Site "Getxo"]
[Date "2019.04.27"]
[Round "6"]
[White "Meneses Arenas, Mikel"]
[Black "Grandes Arnaiz, Jose Ramon"]
[Result "1-0"]
[WhiteElo "1755"]
[BlackElo "1320"]
[PlyCount "45"]
[EventDate "2019.04.22"]
[EventType "swiss"]
[EventRounds "7"]
[EventCountry "ESP"]
[SourceTitle "EXT 2024"]
[Source "ChessBase"]
[SourceDate "2023.10.10"]
[SourceVersion "1"]
[SourceVersionDate "2023.10.10"]
[SourceQuality "1"]

1. e4 Nc6 2. Bc4 Nf6 3. Nc3 Na5 4. Be2 d6 5. d4 a6 6. f4 e6 7. Nf3 Nc6 8. 0-0 Be7 9. h3 Bd7 10. Be3 Na7 11. Qd2 Bc6 12. Bd3 Nb5 13. e5 dxe5 14. dxe5 Nxc3 15. exf6 Bxf6 16. bxc3 h6 17. Rae1 g5 18. Nh2 Be7 19. Ng4 f5 20. Ne5 Qd5 21. Bc4 Qd6 22. Qe2 Bf6 23. Qh5+ 1-0

[Event "Getxo op 2nd"]
[Site "Getxo"]
[Date "2017.09.09"]
[Round "1"]
[White "Michna, Marta"]
[Black "Meneses Arenas, Mikel"]
[Result "1-0"]
[WhiteElo "2376"]
[BlackElo "1733"]
[PlyCount "31"]
[EventDate "2017.09.09"]
[EventType "swiss"]
[EventRounds "9"]
[EventCountry "ESP"]
[SourceTitle "CBM 180 Extra"]
[Source "ChessBase"]
[SourceDate "2017.10.06"]
[SourceVersion "1"]
[SourceVersionDate "2017.10.06"]
[SourceQuality "1"]

1. Nf3 d5 2. g3 Nf6 3. Bg2 c5 4. 0-0 Nc6 5. d3 e6 6. Nbd2 Bd6 7. e4 Qc7 8. Re1 0-0 9. Qe2 Nd7 10. c3 dxe4 11. dxe4 Nce5 12. Nxe5 Nxe5 13. f4 Nc6 14. e5 Be7 15. Ne4 b6 16. Qf3 1-0